Women and missions : (Record no. 25619)
[ view plain ]
| 000 -LEADER | |
|---|---|
| fixed length control field | 01947pam a2200373 a 4500 |
| 001 - CONTROL NUMBER | |
| control field | 2976962 |
| 005 - DATE AND TIME OF LATEST TRANSACTION | |
| control field | 20060718182213.0 |
| 008 - FIXED-LENGTH DATA ELEMENTS--GENERAL INFORMATION | |
| fixed length control field | 920420s1993 riuab b 001 0 eng |
| 010 ## - LIBRARY OF CONGRESS CONTROL NUMBER | |
| LC control number | 92015997 |
| 020 ## - INTERNATIONAL STANDARD BOOK NUMBER | |
| International Standard Book Number | 0854967389 |
| 020 ## - INTERNATIONAL STANDARD BOOK NUMBER | |
| International Standard Book Number | 0854968725 (pbk.) |
| 040 ## - CATALOGING SOURCE | |
| Original cataloging agency | DLC |
| Transcribing agency | DLC |
| Modifying agency | DLC |
| 043 ## - GEOGRAPHIC AREA CODE | |
| Geographic area code | fb----- |
| 050 00 - LIBRARY OF CONGRESS CALL NUMBER | |
| Classification number | BV2610 |
| Item number | .W66 1993 |
| 245 00 - TITLE STATEMENT | |
| Title | Women and missions : |
| Remainder of title | past and present : anthropological and historical perceptions / |
| Statement of responsibility, etc | edited by Fiona Bowie, Deborah Kirkwood, and Shirley Ardener. |
| 260 ## - PUBLICATION, DISTRIBUTION, ETC. (IMPRINT) | |
| Place of publication, distribution, etc | Providence, RI : |
| Name of publisher, distributor, etc | Berg, |
| Date of publication, distribution, etc | 1993. |
| 300 ## - PHYSICAL DESCRIPTION | |
| Extent | xx, 279 p. : |
| Other physical details | ill., maps ; |
| Dimensions | 23 cm. |
| 440 #0 - SERIES STATEMENT/ADDED ENTRY--TITLE | |
| Title | Cross-cultural perspectives on women |
| 504 ## - BIBLIOGRAPHY, ETC. NOTE | |
| Bibliography, etc | Includes bibliographical references and indexes. |
| 650 #0 - SUBJECT ADDED ENTRY--TOPICAL TERM | |
| Topical term or geographic name as entry element | Women in missionary work. |
| 650 #0 - SUBJECT ADDED ENTRY--TOPICAL TERM | |
| Topical term or geographic name as entry element | Missions |
| Geographic subdivision | Africa, Sub-Saharan. |
| 700 1# - ADDED ENTRY--PERSONAL NAME | |
| Personal name | Bowie, Fiona. |
| 700 1# - ADDED ENTRY--PERSONAL NAME | |
| Personal name | Kirkwood, Deborah. |
| 700 1# - ADDED ENTRY--PERSONAL NAME | |
| Personal name | Ardener, Shirley. |
| 856 42 - ELECTRONIC LOCATION AND ACCESS | |
| Materials specified | Contributor biographical information |
| Uniform Resource Identifier | <a href="http://www.loc.gov/catdir/enhancements/fy0601/92015997-b.html">http://www.loc.gov/catdir/enhancements/fy0601/92015997-b.html</a> |
| 856 42 - ELECTRONIC LOCATION AND ACCESS | |
| Materials specified | Publisher description |
| Uniform Resource Identifier | <a href="http://www.loc.gov/catdir/enhancements/fy0601/92015997-d.html">http://www.loc.gov/catdir/enhancements/fy0601/92015997-d.html</a> |
| 856 41 - ELECTRONIC LOCATION AND ACCESS | |
| Materials specified | Table of contents only |
| Uniform Resource Identifier | <a href="http://www.loc.gov/catdir/enhancements/fy0601/92015997-t.html">http://www.loc.gov/catdir/enhancements/fy0601/92015997-t.html</a> |
| 906 ## - LOCAL DATA ELEMENT F, LDF (RLIN) | |
| a | 7 |
| b | cbc |
| c | orignew |
| d | 1 |
| e | ocip |
| f | 19 |
| g | y-gencatlg |
| 942 ## - ADDED ENTRY ELEMENTS (KOHA) | |
| Source of classification or shelving scheme | Library of Congress Classification |
| Item type | Book |
| Withdrawn status | Lost status | Source of classification or shelving scheme | Damaged status | Not for loan | Collection code | Home library | Current library | Shelving location | Date acquired | Total Checkouts | Full call number | Barcode | Date last seen | Date last borrowed | Copy number | Price effective from | Koha item type | Source of acquisition | Total Renewals |
|---|---|---|---|---|---|---|---|---|---|---|---|---|---|---|---|---|---|---|---|
| Library of Congress Classification | Non-fiction | Bishop Okullu Memorial Library (Limuru Campus) | Bishop Okullu Memorial Library (Limuru Campus) | General Circulation | 15/02/2010 | 17 | BV2610 .W66 1993 | 016543 | 07/11/2023 | 21/10/2023 | 1 | 15/02/2010 | Book | ||||||
| Library of Congress Classification | Non-fiction | Nairobi Campus | Nairobi Campus | General Circulation | 20/05/2011 | 2 | BV2610 .W66 1993 | 025481 | 01/07/2023 | 14/06/2023 | 3 | 20/05/2011 | Book | purchase | 1 | ||||
| Library of Congress Classification | Non-fiction | Nakuru Campus | Nakuru Campus | General Circulation | 20/05/2011 | 1 | BV2610 .W66 1993 | 016484 | 21/03/2014 | 2 | 20/05/2011 | Book |